000 00270nam a2200109Ia 4500
008 200302s9999 xx 000 0 und d
100 _aCarla Rose
245 _aTeach Yourself Photoshop 4 in 24 Hours
260 _bTechmedia Publishing
260 _c1997
300 _a366 P.,
999 _c1099
_d1099